Hammer - Lorde (All Lyrics) - Statistics

General Stats
  • This quiz has been taken 60 times
  • The average score is 250 of 297
Answer Stats
Lyrics % Correct
a
100%
an
100%
be
100%
do
100%
hammer,
100%
I
100%
I'm
100%
in
100%
like
100%
me
100%
o
100%
the
100%
The
100%
there
100%
When
100%
when
100%
who
100%
you
100%
your
100%
you're
100%
if
97%
it
97%
it,
97%
it's
97%
It's
97%
my
97%
nail
97%
so
97%
There's
97%
again
93%
and
93%
Don't
93%
don't
93%
everything
93%
have
93%
holding
93%
know
93%
love
93%
man,
93%
might
93%
or
93%
pavement,
93%
Some
93%
some
93%
to
93%
woman,
93%
been
90%
born
90%
But
90%
can
90%
days,
90%
heat
90%
looks
90%
oh
90%
Oh
90%
read
90%
ready
90%
think
90%
could
86%
feel
86%
go
86%
ovulation
86%
really
86%
affection
83%
answers
83%
deal
83%
from
83%
mercury's
83%
much
83%
they
83%
connection
79%
edge
79%
head
79%
just
79%
raising
79%
carry
76%
living
76%
peace
76%
postcard
76%
up
76%
am
72%
am)
72%
beautiful
72%
down
72%
heads
72%
Let
72%
life,
72%
madness
72%
our
72%
over
72%
Canal
69%
ears
69%
I've
69%
make
69%
Now
69%
of
69%
piercing
69%
sent
69%
Street,
69%
they're
69%
till
69%
Till
69%
voice
69%
with
69%
Ah
66%
Ah,
66%
ah,
66%
ah
66%
back
66%
break
66%
exception
66%
goes
66%
heart
66%
hell
66%
is
66%
tell
66%
aura
62%
liquid
62%
making
62%
needle
62%
pay
62%
play
62%
show
62%
(Show
62%
snake
62%
wish
62%
crystal
59%
fucked
59%
I'll
59%
picture,
59%
Take
59%
tears
59%
chambers
55%
fountain
55%
kissing
55%
neck
55%
world,
55%
Anyone
52%
Today,
52%
truant
48%
dance
45%
jerk
45%
tongue,
45%
burn
41%
'em
38%
grip
38%
mist
38%
on
38%
On
38%
sing
38%
scheme
28%
Mm,
24%
wreck
7%
No matching quizzes found
Score Distribution
Percent of People with Each Score
Percentile by Number Answered
Your Score History
You have not taken this quiz